000 00891nam a22002417a 4500
005 20100806135344.0
010 _aENG-98635
020 _a9788120339965
_c695.00
035 _aEN-82167
037 _bDBAD/PUB
082 _a005.1
100 _aTurbak, Franklyn
_97710
245 _aDesign concepts in programming languages /
_cby Franklyn Turbak, David Gifford [and] A. Sheldon
260 _aNew Delhi
_bPHI Learning
_c2010
270 _aM-97, Connaught Circus
_bNew Delhi
_e110001
300 _axxiv,1322p.
_c24cm (pbk)
500 _aIncludes bibliographical references and index
650 _aProgramming language
_97711
700 _aGifford, David
_97712
700 _aSheldon, A.
_97713
942 _2ddc
_cEN
_h005.1
_mTUR
999 _c39753
_d39753